South Eastern Kenya University

Library Online Public Access Catalogue


Economics : (Record no. 17047)

MARC details
000 -LEADER
fixed length control field 01054nam a22003257a 4500
001 - CONTROL NUMBER
control field 15727662
003 - CONTROL NUMBER IDENTIFIER
control field OSt
005 - DATE AND TIME OF LATEST TRANSACTION
control field 20180905102230.0
008 - FIXED-LENGTH DATA ELEMENTS--GENERAL INFORMATION
fixed length control field 090507s2008 nyuab d 001 0 eng d
010 ## - LIBRARY OF CONGRESS CONTROL NUMBER
LC control number 2009278288
020 ## - INTERNATIONAL STANDARD BOOK NUMBER
International Standard Book Number 9780028230498
020 ## - INTERNATIONAL STANDARD BOOK NUMBER
International Standard Book Number 0028230485
035 ## - SYSTEM CONTROL NUMBER
System control number (OCoLC)ocn156914467
040 ## - CATALOGING SOURCE
Original cataloging agency SEKU
042 ## - AUTHENTICATION CODE
Authentication code lccopycat
050 00 - LIBRARY OF CONGRESS CALL NUMBER
Classification number HB 74.5
Item number .C5 1995
100 1# - MAIN ENTRY--PERSONAL NAME
Personal name Clayton, Gary E.
245 10 - TITLE STATEMENT
Title Economics :
Remainder of title principles and practices /
Statement of responsibility, etc. Gary E. Clayton.
246 3# - VARYING FORM OF TITLE
Title proper/short title Glencoe economics:
Remainder of title principles and practices
250 ## - EDITION STATEMENT
Edition statement Texas edition.
260 ## - PUBLICATION, DISTRIBUTION, ETC. (IMPRINT)
Place of publication, distribution, etc. New York, N.Y. :
Name of publisher, distributor, etc. Glencoe/McGraw-Hill,
Date of publication, distribution, etc. c1995.
300 ## - PHYSICAL DESCRIPTION
Extent 626 p. :
Other physical details col. ill.
546 ## - LANGUAGE NOTE
Language note Glossary in English and Spanish.
650 #0 - SUBJECT ADDED ENTRY--TOPICAL TERM
Topical term or geographic name as entry element Economics
General subdivision Study and teaching (Secondary)
651 #0 - SUBJECT ADDED ENTRY--GEOGRAPHIC NAME
Geographic name United States
General subdivision Economic conditions
-- Study and teaching (Secondary)
710 2# - ADDED ENTRY--CORPORATE NAME
Corporate name or jurisdiction name as entry element Standard and Poor's Corporation.
710 2# - ADDED ENTRY--CORPORATE NAME
Corporate name or jurisdiction name as entry element Glencoe/McGraw-Hill.
942 ## - ADDED ENTRY ELEMENTS (KOHA)
Source of classification or shelving scheme Library of Congress Classification
Koha item type General circulation
Holdings
Withdrawn status Lost status Source of classification or shelving scheme Damaged status Not for loan Home library Current library Shelving location Date acquired Total Checkouts Full call number Barcode Date last seen Price effective from Koha item type
    Library of Congress Classification     Kitui Town Campus Library Kitui Town Campus Library General Stacks 29/04/2025   HB 74.5 .C5 1995 2024/027434 29/04/2025 29/04/2025 General circulation
Kitui, Kenya.
+254736116989
library@seku.ac.ke